Covered interest parity, uncovered interest parity and exchange hate dynamics

Saved in:
Bibliographic Details
Main Author: Eaton, Jonathan
Other Authors: Turnovsky, Stephen J.
Format: Book
Language:English
Published: New Haven Yale University 1983
Series:Center Paper no. 345
Tags: Add Tag
No Tags, Be the first to tag this record!

MARC

LEADER 00000nam a2200000 4500
001 c116203
005 20220404113423.7
041 0 |a eng 
044 |a US 
245 1 0 |a Covered interest parity, uncovered interest parity and exchange hate dynamics  |c Jonathan Eaton, Stephen J. Turnovsky 
264 1 |a New Haven  |b Yale University  |c 1983 
300 |a S. 555-576 
490 1 |a Center Paper  |v no. 345 
830 0 |a Center Paper  |v no. 345 
100 1 |a Eaton, Jonathan 
700 1 |a Turnovsky, Stephen J.